000 01134nam a2200301Ia 4500
003 OSt
005 20221007125308.0
006 a|||||r|||| 00| 0
007 ta
008 221006b |||||||| |||| 00| 0 eng d
020 _a8173193770 (pbk)
_cRs.225.00
024 _a8569
037 _bEducational,
_cTextual
040 _aCDL
_cCDL
_beng
041 _2eng
_aeng
082 _aE5:4, P1-;4
100 _aAhluwalia V K
245 0 _aOrganic synthesis: special techniques by V K Ahluwalia and Renu Aggarwal
_b Aggarwal Renu
260 _aNew
_bDelhi Narosa Publishing House
_c2001
300 _axii,200p
_ccm.
500 _aIncludes bibliographical references; Index 195-200p; ^n23/CSL/CARC/2001-2002/242^d2001-09-10^mPurchase; ; 2001-2002/341^b2001-12-13^cEBA/242/2001-02^d2001-10-17^eRs.11,657.00^fEducational Book Agency (India); ; 2001-12-28^bSB^c2002-02-01^dRPS
650 _a Organic compounds
650 _a Synthesis
650 _aChemistry
700 _a Aggarwal Renu
_9391437
942 _hE5:4, P1-;4
_cTEXL
_2CC
999 _c1215025
_d1215025